|
|
|
|
| LEADER |
01442nam a2200397 a 4500 |
| 001 |
000403120 |
| 003 |
CZ BrMZK |
| 005 |
20210319120854.0 |
| 007 |
ta |
| 008 |
010907s1998 xr e f cze d |
| 015 |
|
|
|a cnb000387320
|
| 020 |
|
|
|a 80-7205-634-4
|
| 035 |
|
|
|a (OCoLC)41372275
|
| 040 |
|
|
|a BOA001
|b cze
|
| 072 |
|
7 |
|a 615.8
|x Fyzioterapie. Psychoterapie. Alternativní lékařství
|2 Konspekt
|9 14
|
| 080 |
|
|
|a 615.85
|2 MRF
|
| 080 |
|
|
|a 577.337
|2 MRF
|
| 080 |
|
|
|a 615.851
|2 MRF
|
| 080 |
|
|
|a 615.8
|2 MRF
|
| 080 |
|
|
|a 615.89
|2 MRF
|
| 080 |
|
|
|a 133
|2 MRF
|
| 080 |
|
|
|a (035)
|2 MRF
|
| 100 |
1 |
|
|a Lübeck, Walter,
|d 1960-
|7 jn20000603835
|4 aut
|
| 245 |
1 |
0 |
|a Reiki :
|b domácí lékárna : [reiki-terapie, kterou lze aplikovat na více než čtyřicet nemocí : využijte darů přírody] /
|c Walter Lübeck.
|
| 260 |
|
|
|a Praha :
|b Pragma,
|c 1998
|
| 300 |
|
|
|a 152 s. :
|b il. ;
|c 18 cm
|
| 650 |
0 |
7 |
|a reiki
|7 ph116032
|x terapeutické aspekty
|2 czenas
|
| 650 |
0 |
7 |
|a energetický systém člověka
|7 ph137672
|2 czenas
|
| 650 |
0 |
7 |
|a uzdravování
|7 ph126963
|x esoterické pojetí
|2 czenas
|
| 650 |
0 |
7 |
|a holistická medicína
|7 ph114688
|2 czenas
|
| 650 |
0 |
7 |
|a lidové léčitelství
|7 ph115998
|2 czenas
|
| 655 |
|
7 |
|a příručky
|7 fd133209
|2 czenas
|
| 765 |
0 |
|
|t <<Die >>Reiki, Hausapotheke
|
| 910 |
|
|
|a BOA001
|b 1-1056.912
|
| 990 |
|
|
|a BK
|
| 996 |
6 |
|
|b 2610088548
|c 1-1056.912
|l MZK
|r Sklad / do 1 hodiny
|n 51
|p p.v.
|w 000403120
|u 000010
|a 1
|e BOA001
|j MZK50
|s P
|